Gregorio Marañón (1887-1960) : (Record no. 180783)
[ view plain ]
| 000 -LEADER | |
|---|---|
| campo de control de longitud fija | 01768nam a2200313 i 4500 |
| 001 - NÚMERO DE CONTROL | |
| campo de control | 180783 |
| 003 - IDENTIFICADOR DE NÚMERO DE CONTROL | |
| campo de control | ES-MaACL |
| 005 - FECHA Y HORA DE LA ÚLTIMA TRANSACCIÓN | |
| campo de control | 20250727081500.0 |
| 008 - DATOS DE LONGITUD FIJA--INFORMACIÓN GENERAL | |
| campo de control de longitud fija | 120711s2010 sp c |||| |bspa d |
| 020 ## - NÚMERO INTERNACIONAL ESTÁNDAR DEL LIBRO | |
| Número Internacional Estándar del Libro | 978-84-85559-52-7 |
| 080 ## - NÚMERO DE LA CLASIFICACIÓN DECIMAL UNIVERSAL | |
| Número de la Clasificación Decimal Universal | 081 Marañón, Gregorio |
| 080 ## - NÚMERO DE LA CLASIFICACIÓN DECIMAL UNIVERSAL | |
| Número de la Clasificación Decimal Universal | 929 Marañón, Gregorio |
| 100 1# - ENTRADA PRINCIPAL--NOMBRE DE PERSONA | |
| Nombre de persona | Marañón, Gregorio, |
| Fechas asociadas al nombre | 1887-1960 |
| 9 (RLIN) | 76311 |
| 245 10 - MENCIÓN DEL TÍTULO | |
| Título | Gregorio Marañón (1887-1960) : |
| Resto del título | miembro de número de las reales academias Española, de la Historia, de Bellas Artes de San Fernando, de Ciencias Exactas, Físicas y Naturales, Nacional de Medicina y de la Academia Francesa de Ciencias Morales y Políticas / |
| Mención de responsabilidad, etc. | Antonio López Vega (compilador y prologuista). |
| 260 ## - PUBLICACIÓN, DISTRIBUCIÓN, ETC. | |
| Lugar de publicación, distribución, etc. | Madrid : |
| Nombre del editor, distribuidor, etc. | Instituto de España, |
| Fecha de publicación, distribución, etc. | 2010. |
| 300 ## - DESCRIPCIÓN FÍSICA | |
| Extensión | 344 p. : |
| Otras características físicas | 1 retr. ; |
| Dimensiones | 25 cm. |
| 504 ## - NOTA DE BIBLIOGRAFÍA, ETC. | |
| Nota de bibliografía, etc. | Referencias bibliográficas. |
| 505 8# - NOTA DE CONTENIDO CON FORMATO | |
| Nota de contenido con formato | Contiene: Estado actual de la doctrina de las secreciones internas ; Vocación, preparación y ambiente biológico y médico del padre Feijoo ; Las mujeres y el conde-duque de Olivares ; Cajal ; El Toledo del Greco ; El Romanticismo |
| 505 8# - NOTA DE CONTENIDO CON FORMATO | |
| Nota de contenido con formato | Contiene: Marañón, genio y figura / por Diego Gracia . Breve biografía del Excmo. Sr. D. Gregorio Marañón / por Gregorio Marañón y Bertrán de Lis y Antonio López Vega |
| 600 14 - PUNTO DE ACCESO ADICIONAL DE MATERIA--NOMBRE DE PERSONA | |
| Nombre de persona | Marañón, Gregorio, |
| Fechas asociadas al nombre | 1887-1960- |
| Subdivisión de forma | Homenajes |
| 9 (RLIN) | 76313 |
| 700 1# - ENTRADA AGREGADA--NOMBRE PERSONAL | |
| Nombre de persona | López Vega, Antonio, |
| Fechas asociadas al nombre | 1978- |
| 9 (RLIN) | 139555 |
| 700 1# - ENTRADA AGREGADA--NOMBRE PERSONAL | |
| Nombre de persona | Gracia Guillén, Diego. |
| 9 (RLIN) | 138825 |
| 700 1# - ENTRADA AGREGADA--NOMBRE PERSONAL | |
| Nombre de persona | Marañón y Bertrán de Lis, Gregorio, |
| Fechas asociadas al nombre | 1942- |
| 9 (RLIN) | 150936 |
| 710 2# - ENTRADA AGREGADA--NOMBRE DE ENTIDAD CORPORATIVA | |
| Nombre de entidad corporativa o nombre de jurisdicción como elemento de entrada | Instituto de España. |
| 9 (RLIN) | 4873 |
| 852 ## - LOCALIZACIÓN | |
| Ubicación | ES-MaACL |
| Número de control de estantería | A-12144 |
| itemnumber | 187687 |
| Sublocalización o colección | R.147112 |
| Ubicación en estantería | Depósito 1 |
| Signatura antigua | Olim: N-5149 |
| Encuadernación | Donación: Real Academia Española |
| 914 ## - NOMBRE ENTIDAD DE DONANTE | |
| RLIN | 6336 |
| Nombre de congreso/reunión o jurisdicción como elemento de entrada | Real Academia Española |
| Unidad subordinada | Donante |
| 942 ## - ELEMENTOS DE ENTRADA SECUNDARIOS (KOHA) | |
| Fuente del sistema de clasificación o colocación | Clasificación decimal universal |
| Tipo de ítem Koha | Libro impreso |
| Estatus retirado | Estado de pérdida | Fuente del sistema de clasificación o colocación | Estado de daño | No para préstamo | Biblioteca de origen | Biblioteca actual | Ubicación en estantería | Fecha de adquisición | Fuente de adquisición | Total de préstamos | Signatura topográfica completa | Código de barras | Visto por última vez | Precio de reemplazo | Tipo de ítem Koha |
|---|---|---|---|---|---|---|---|---|---|---|---|---|---|---|---|
| Clasificación decimal universal | Biblioteca del Ateneo de Madrid | Biblioteca del Ateneo de Madrid | Depósito 1 | 11/07/2012 | Donación | A-12144 | 1189973 | 23/02/2023 | 23/02/2023 | Libro impreso |
